Sed luz! meditaciones litúrgicas para los domingos y ferias y principales fiestas del año eclesiástico

Guardat en:
Dades bibliogràfiques
Autor principal: Baur, Benito (Autor)
Format: Llibre
Idioma:espanyol
Publicat: Barcelona Herder 1953
Edició:6a. ed
Matèries:
Etiquetes: Afegir etiqueta
Sense etiquetes, Sigues el primer a etiquetar aquest registre!

MARC

LEADER 00000cam a2200000 a 4500
001 UCD0090
003 CL-VaPUC
008 151112e19530000sp |||||||||||||||||spa|d
082 0 4 |a 291.4  |b BAU  |2 21 
100 0 |a Baur, Benito  |e author  |9 583094 
245 1 0 |a Sed luz! meditaciones litúrgicas para los domingos y ferias y principales fiestas del año eclesiástico 
250 |a 6a. ed 
300 |a v 
942 |c BK 
945 |d 20151112 20:22:00  |a gsalatino 
260 |a Barcelona  |b Herder  |c 1953 
500 |a v.1: Tiempo de adviento y navidad 
650 0 |a Meditaciones  |9 309833 
650 0 |a Espiritualidad   |9 267331 
650 7 |a LITURGIA  |2 CL-VaPUC  |9 583095 
650 0 |a Fiestas religiosas  |9 349319 
583 |a last modification  |c 20151112 20:22:00  |k Rodrigo Vera 
999 |c 361712  |d 361710 
952 |0 0  |1 0  |3 erd  |4 0  |6 291_400000000000000_BAU_1953  |7 0  |8 P  |9 472353  |a BIBTEO  |b BIBTES  |c TEO_FTES  |h v.1  |i 5270146  |o 291.4 BAU 1953  |p 5270146  |r 2024-01-18  |w 2019-11-24  |y BK  |z Catalogado en:20151112  |k ICR 
952 |0 0  |1 0  |3 erd  |4 0  |6 291_400000000000000_BAU_1953  |7 0  |8 P  |9 472354  |a BIBTEO  |b BIBTES  |c TEO_FTES  |h v.2  |i 5274672  |o 291.4 BAU 1953  |p 5274672  |r 2024-01-18  |w 2019-11-24  |y BK  |z Catalogado en:20151218  |k ICR